000 00251nam a22001097a 4500
008 170125b xxu||||| |||| 00| 0 eng d
020 _a9780323002776
041 _aeng
080 _a618.2
245 _aTHE OUTCOMES MANDATE
_cCOHEN, E.L
942 _2udc
_cBK
999 _c3570
_d3570